000 00548nam a2200157 i 4500
001 75526
003 ES-MaACL
005 20230906172507.0
007 t|
008 040924s1909 sp ||||1| spa d
100 1 _aGranda y Callejas, Bernardo.
_959578
245 1 0 _aCurso de mecánica aplicada a las construcciones
_b: resistencia de materiales y estabilidad de las construcciones /
_cexplicado por Bernardo Granda y Callejas.
260 _aMadrid :
_bValentín Tordesillas,
_c1909.
300 _a2 v. ;
_c23 cm.
852 _aES-MaACL
_jF-5461-5462
999 _c75526
_d75526